000 00478nam a22001697a 4500
005 20230623083726.0
008 160120b xxu||||| |||| 00| 0 eng d
040 _aLoreto College
082 _a301.15
_bWEL
245 _aSociety
_bPsychological problems and methods of study
_cEdited by A.T.Welford...[et.al]
260 _aLondon
_bRoutledge & Kegan Paul
_c1962
300 _a280p.
504 _aIncludes index
650 _aSocial sciences
850 _aLCLIB
942 _cBK
999 _c40418
_d90897